00456nam a2200145Ia 4500008004100000100001900041245004800060245001800108260002500126260000900151300003400160440009100194650001500285650001000300200115s9999 xx 000 0 und d aNeilson, Susie aWish you were more creative? just pretend!/ cSusie Neilson bReader's Digest Asia c2019 aPages 120-122, September 2019 aAsia Reader's Digest: My Coma Miracle Cyclist's Triumph after horror accidentv116:679 acreativity aideas